Dumbest Quiz Ever - April Fools Editon! - Statistics

General Stats
  • This quiz has been taken 45 times
  • The average score is 3 of 8
Answer Stats
Question Answer % Correct
Which of the following is NOT the flag of America?
60%
What is the most populous city in Slovakia? Slovakia is a myth that's a ripoff Slovenia.
55%
What is the best country in the world? None
43%
What's the best pet to have? Tuba
40%
Which of the following is banned in China? Me
35%
Which JetPunk blogger is the most famous? A user that deleted his account
33%
What is martial arts? Japan Stuff
30%
What is the largest city in the world by population? Murica
23%
No matching quizzes found
Score Distribution
Percent of People with Each Score
Percentile by Number Answered
Your Score History
You have not taken this quiz